000 00351nam a2200145Ia 4500
005 20250325072958.0
008 240331s9999 xx 000 0 und d
082 _bSIV
_a894
100 _aSivasegaram, S
245 0 _aDevi ezhunthal
260 _aChennai
_bSouth Asian books
_c1991
300 _a81 p .,
500 _aA Collection of poems
942 _cL
999 _c3781
_d3781